000 00218nam a22000857a 4500
008 170329b xxu||||| |||| 00| 0 eng d
100 _93061
_aCBSE
245 _aSample paper Social Science-IX
260 _aNew Delhi
_bCBSE
_c2010
999 _c6330
_d6330